00358nam a22001457a 4500003000400000005001700004008004100021020001800062040000900080082001500089100002100104245004500125260002800170300001400198OSt20210428114536.0210428b ||||| |||| 00| 0 eng d a9788182718968 coclc a306bSIB/J aSibaee, Musthafa aJeevitha Padangal/c Dr, Sibaee Musthafa aKozhikode:bIPH,c2017. a136 pages